000 00819nam a22002177a 4500
999 _c8600
_d8600
003 AR-CdUCM
008 190325b ||||| |||| 00| 0 spa d
040 _aMUNICIPALIDAD PROVINCIAL DEL CUSCO
_cBIBLIOTECA MUNICIPAL DEL CUSCO
082 _a641.59 /
_bV39
100 _aDe Vega, Luis Antonio
_924063
245 _aViaje por la cocina española /
260 _aMadrid :
_bSalvat,
_c1969.
300 _a186 páginas ;
_c19 cm.
440 _aBiblioteca clásica universal
_n28
_924064
505 _aContenido : Selección de las principales recetas incluidas en esta obra -- Los catalanes, de las piedras hacen panes -- No toda Aragon es zona chilindronera -- La recia cocina riojana ...
650 _aCocina
_924065
650 _aEspañola
_924066
650 _aRecetas
_924067
942 _2ddc
_cLIBROS
945 _arah